| 000 | 01075nam2a22002531 4500 | ||
|---|---|---|---|
| 001 | v19\rc\1884543 | ||
| 005 | 20250619170453.0 | ||
| 035 | _a(NLR Aleph) 004973416 | ||
| 090 |
_a6108744 _c6108744 |
||
| 100 | _a20080221d1910 |||y0rusy50 ca | ||
| 101 | 0 | _arus | |
| 102 | _aRU | ||
| 105 | _ay z |||a| | ||
| 200 | 1 |
_aЦена крови _eпродолжение "Расплаты" и "Боя при Цусиме" |
|
| 210 |
_aСПБ _aМосква _cиздание т-ва М.О. Вольф _d1910 |
||
| 215 |
_a[4], II, 182, II с. _d19 |
||
| 461 | 0 |
_1001v19\rc\1884540 _12001#$aРасплата$eтрилогия$fВл. Семенов$v3 _95896636 _aСеменов, В. И. (писатель ; 1867-1910) _cС.-Петербург _d1910 _eИзд. 3-е, испр. и доп. _fВл. Семенов _nтипография т-ва М.О. Вольф _oтрилогия _tРасплата _v3 |
|
| 801 | 0 |
_aRU _bNLR _gpsbo |
|
| 801 | 0 |
_aRU _bRuMoRGB _2psbo |
|
| 801 | 1 |
_aRU _bProSoft-M _2rusmarc |
|
| 801 | 2 |
_aRU _bNLR _c20170628 _2rusmarc |
|
| 852 |
_aNLR _j38.46.6.60 (3) |
||
| 942 | _cBOOK | ||
| 980 | _aNB | ||